| 000 | 00406pab a2200133 454500 | ||
|---|---|---|---|
| 008 | 180718b1983 xxu||||| |||| 00| 0 eng d | ||
| 245 |
_aThe growth pattern of India's balance of trade and balance of payments _b1950-51 - 1982-83 |
||
| 260 | _c1983 | ||
| 300 | _a57-63 | ||
| 362 | _aAprl. | ||
| 650 | _aBalance of Payments - India | ||
| 773 | _aMonthly Commentary on Indian Economic Conditions | ||
| 909 | _a4174 | ||
| 999 |
_c4174 _d4174 |
||